000 00431nam a2200157 i 4500
001 39007
003 ES-MaACL
005 20230906155854.0
007 t|
008 030227s1951 sp ||||1| spa d
100 1 _aBusquets i Molas, Esteve.
_932850
245 1 0 _aDiario de diarios /
_cEsteben Busquets Molas.
260 _aMadrid :
_bAcati,
_c1951.
300 _a224 p., 13 lám. ;
_c21 cm.
852 _aES-MaACL
_jD-7820
_bR.32014
999 _c39007
_d39007